00556nam a22001937a 4500003000400000020001800004082001900022100001600041245005100057260005900108300001700167546001200184650003300196650004200229650004200271650001200313650002100325700001600346OSt a9781259004865 a338.88bJUS/EC aJustin Paul aEconomic environment and policies for business aNew DelhibTata McGraw Hill Education Pvt. Ltd. c2012 axviii, 590p. aEnglish aBusiness and its environment aBusiness environment - Indian context aBusiness environment - Global context aEconomy aGlobal Recession aParul Gupta